| 000 | 01753nam a2200481Ii 4500 | ||
|---|---|---|---|
| 001 | DIGCSIC0317 | ||
| 003 | NyNyDIG | ||
| 007 | cr ||||||||||| | ||
| 008 | 210722s2015 sp a ob 000 0 spa d | ||
| 006 | m o d | ||
| 035 | _a(OCoLC)957124877 | ||
| 040 |
_aDGITA _beng _erda _epn _cDGITA |
||
| 020 |
_a9788400099060 _qeBook _qpdf |
||
| 020 |
_a9788483199978 _qeBook _qePub |
||
| 020 |
_z9788400099053 _q(CSIC) |
||
| 020 |
_z9788483199596 _q(Catarata) |
||
| 024 | 7 |
_a723-15-015-2 _qe-NIPO _2nipo |
|
| 024 | 7 |
_z723-15-014-7 _2nipo |
|
| 050 | 1 | 4 | _aRB155.8 ebook |
| 082 | 1 | 4 | _a615.895 |
| 100 | 1 |
_aLaffon, Blanca, _eauthor. |
|
| 245 | 1 | 0 |
_aTerapia génica / _cBlanca Laffon, Vanessa Valdiglesias y Eduardo Pásaro. |
| 264 | 1 |
_aMadrid : _bCSIC : _bLos Libros de la Catarata, _c[2015] |
|
| 300 |
_a1 online resource : _billustrations. |
||
| 336 |
_atext _btxt _2rdacontent |
||
| 337 |
_acomputer _bc _2rdamedia |
||
| 338 |
_aonline resource _bcr _2rdacarrier |
||
| 347 |
_atext file _2rdaft |
||
| 347 | _bPDF | ||
| 490 | 1 |
_aColección ¿Qué sabemos de? ; _v59 |
|
| 504 | _aIncludes bibliographical references. | ||
| 588 | 0 | _aOnline resource; title from PDF title page (Digitalia, viewed July 22, 2021) | |
| 650 | 0 | _aGene therapy. | |
| 655 | 0 | _aElectronic books. | |
| 700 | 1 |
_aValdiglesias, Vanessa, _eauthor. |
|
| 700 | 1 |
_aPásaro Méndez, Eduardo, _eauthor. |
|
| 793 | 0 |
_gDigitalia eBook Collection: _aEditorial CSIC |
|
| 776 | 0 | 8 |
_iPrint version: _aLaffon, Blanca. _tTerapia génica. _dMadrid : CSIC : Los Libros de la Catarata, [2015] _z9788400099053 |
| 830 | 0 |
_a¿Qué sabemos de? ; _v59. |
|
| 856 | 4 | 0 |
_3Digitalia Hispánica _uhttps://www.digitaliapublishing.com/a/42693/ |
| 910 | _aPremium collection: 2021 | ||
| 942 | _cRAA | ||
| 999 |
_c247468 _d247468 |
||